[Event "Lliga Catalana DH"]
[Site "?"]
[Date "2015.01.31"]
[Round "2.9"]
[White "Ibañez Tarradellas, E."]
[Black "Sole Bove, J."]
[Result "1-0"]
[WhiteElo "2364"]
[BlackElo "1963"]
[PlyCount "75"]
[EventDate "2015.??.??"]
[EventType "team"]

1. d4 Nf6 2. Bg5 d6 3. Bxf6 exf6 4. e3 g6 5. g3 Bg7 6. Bg2 c6 7. c4 O-O 8. Nc3
Re8 9. Nge2 Bg4 10. O-O Bxe2 11. Qxe2 f5 12. Qd3 Nd7 13. b4 Nf6 14. Rab1 Qc7
15. c5 d5 16. b5 Re7 17. Rb3 Rae8 18. Rfb1 Bh6 19. Nd1 Ng4 20. Qe2 Nf6 21. bxc6
bxc6 22. Qa6 Qc8 23. Rb7 Rxb7 24. Qxb7 Qe6 25. Qxa7 f4 26. gxf4 g5 27. fxg5
Bxg5 28. Rb8 Kg7 29. Rxe8 Nxe8 30. Qb8 Qg4 31. Nc3 Qe6 32. Qg3 Qg6 33. f4 Bd8
34. e4 dxe4 35. Bxe4 Qxg3+ 36. hxg3 Bf6 37. Ne2 Nc7 38. Kf2 1-0

[Event "Lliga Catalana DH"]
[Site "?"]
[Date "2015.01.31"]
[Round "2.10"]
[White "Oliva Anell, J."]
[Black "Luna Cortes, L."]
[Result "0-1"]
[WhiteElo "1917"]
[BlackElo "2309"]
[PlyCount "62"]
[EventDate "2015.??.??"]
[EventType "team"]

1. e4 c5 2. Nc3 a6 3. f4 b5 4. Nf3 Bb7 5. d3 b4 6. Ne2 d5 7. Ng3 h5 8. exd5
Bxd5 9. h3 e6 10. Be2 Nf6 11. O-O Be7 12. Ne5 h4 13. Nh1 Nc6 14. Bf3 Nd4 15.
Bxd5 Nxd5 16. Bd2 O-O 17. Nf2 Qc7 18. Ne4 Nf5 19. Qf3 a5 20. Rae1 a4 21. c3 a3
22. b3 Rad8 23. Rc1 Qb6 24. Kh2 bxc3 25. Nxc3 Nb4 26. Na4 Qb5 27. Bxb4 cxb4 28.
Rc7 Rd5 29. Rfc1 Rxe5 30. fxe5 Qxe5+ 31. Kg1 Bg5 0-1

[Event "Lliga Catalana DH"]
[Site "?"]
[Date "2015.01.31"]
[Round "2.1"]
[White "Beltran Rueda, S."]
[Black "Narciso Dublan, M."]
[Result "0-1"]
[WhiteElo "2459"]
[BlackElo "2570"]
[PlyCount "118"]
[EventDate "2015.??.??"]
[EventType "team"]

1. c4 Nf6 2. Nc3 e5 3. g3 c6 4. Nf3 e4 5. Nd4 g6 6. Bg2 Bg7 7. Nb3 d5 8. cxd5
cxd5 9. d3 exd3 10. Qxd3 Be6 11. Qb5+ Nbd7 12. Qxb7 O-O 13. O-O a5 14. Bf4 a4
15. Nd4 Nc5 16. Qb4 Na6 17. Qxa4 Qb6 18. Nxe6 fxe6 19. Qb5 Qa7 20. Qc6 Kh8 21.
Qxe6 Rae8 22. Qd6 Rd8 23. Qa3 Qb6 24. Qb3 Qe6 25. e4 Nc5 26. exd5 Qf5 27. Qb5
Nd3 28. Bc7 Rde8 29. Rad1 Ne5 30. Bxe5 Rxe5 31. Qd3 Qh5 32. h3 Nd7 33. f4 Ree8
34. b4 g5 35. Ne4 gxf4 36. gxf4 Ra8 37. Rd2 h6 38. Nc5 Nxc5 39. bxc5 Ra4 40.
Qe3 Qh4 41. d6 Raxf4 42. Rxf4 Rxf4 43. Kh1 Rd4 44. Rxd4 Bxd4 45. Qe8+ Kg7 46.
Qe2 Qf4 47. Qe7+ Kh8 48. Qe8+ Kg7 49. Qe7+ Kh8 50. Qe4 Qc1+ 51. Kh2 Qxc5 52.
Qe8+ Kg7 53. Qe7+ Kg8 54. Qe6+ Kg7 55. Qg4+ Kf6 56. Qf4+ Kg7 57. Qg3+ Kf7 58.
Qf4+ Kg7 59. Kh1 Be5 $138 0-1

[Event "Lliga Catalana DH"]
[Site "?"]
[Date "2015.01.31"]
[Round "2.2"]
[White "Romero Holmes, A."]
[Black "Fernandez Aguado, E."]
[Result "1-0"]
[WhiteElo "2540"]
[BlackElo "2388"]
[PlyCount "37"]
[EventDate "2015.??.??"]
[EventType "team"]

1. d4 d5 2. Bf4 c5 3. e4 Nc6 4. exd5 Qxd5 5. Nc3 Qe6+ 6. Nge2 Nxd4 7. Be3 a6 8.
Nxd4 cxd4 9. Qxd4 Nf6 10. Na4 Bd7 11. Nc5 Qc6 12. O-O-O e6 13. Nxd7 Nxd7 14.
Be2 Rc8 15. Rd2 e5 16. Qd5 Bb4 17. c3 Be7 18. Rhd1 Rd8 19. Qxc6 1-0

[Event "Lliga Catalana DH"]
[Site "?"]
[Date "2015.01.31"]
[Round "2.3"]
[White "Marcet Bisbal, A."]
[Black "Gual Pascual, A."]
[Result "0-1"]
[WhiteElo "2372"]
[BlackElo "2511"]
[PlyCount "80"]
[EventDate "2015.??.??"]
[EventType "team"]

1. d4 g6 2. c4 Bg7 3. e4 d6 4. Nc3 e5 5. d5 a5 6. Be2 Na6 7. Be3 Nf6 8. h3 Nc5
9. Qc2 O-O 10. g4 c6 11. Nf3 cxd5 12. cxd5 Ne8 13. Bg5 f6 14. Bh4 Bd7 15. Nd2
Bh6 16. f3 Rc8 17. a4 Bxd2+ 18. Kxd2 Nc7 19. Bf2 N7a6 20. Ra3 Nb4 21. Qb1 Qe8
22. Bb5 Bxb5 23. Nxb5 Qd7 24. Bxc5 Rxc5 25. Rc3 Rxc3 26. bxc3 Na6 27. Qf1 Nc5
28. Qc4 b6 29. Rb1 Rd8 30. Qa2 Qg7 31. Rh1 Qh6+ 32. Ke2 Qf4 33. Rf1 f5 34. gxf5
gxf5 35. Kd1 Kh8 36. Qg2 Rg8 37. Qe2 Nxa4 38. Qc2 fxe4 39. Nxd6 exf3 40. Qf5
Nxc3+ 0-1

[Event "Lliga Catalana DH"]
[Site "?"]
[Date "2015.01.31"]
[Round "2.4"]
[White "Bofill Mas, A."]
[Black "Ayas Fernandez, A."]
[Result "0-1"]
[WhiteElo "2437"]
[BlackElo "2341"]
[PlyCount "88"]
[EventDate "2015.??.??"]
[EventType "team"]

1. Nf3 Nf6 2. g3 b6 3. Bg2 Bb7 4. O-O e6 5. d3 Be7 6. Nbd2 O-O 7. e4 d6 8. Ne1
Ne8 9. f4 Nd7 10. Qe2 Kh8 11. Nef3 c5 12. Nc4 b5 13. Ne3 Nc7 14. f5 d5 15. fxe6
fxe6 16. Ng4 dxe4 17. dxe4 Nf6 18. Nf2 Qe8 19. Bf4 Rc8 20. Ne5 b4 21. c4 bxc3
22. bxc3 Nb5 23. Rac1 c4 24. Nxc4 Bc5 25. a4 e5 26. Bxe5 Na3 27. Bd4 Ba6 28.
Bxc5 Rxc5 29. Qe3 Rxc4 30. Qxa7 Rxa4 31. Rfe1 Nc2 32. Rxc2 Bd3 33. Ra2 Rxa7 34.
Rxa7 Bc4 35. e5 Nd5 36. e6 Qb8 37. Rf7 Re8 38. Nd3 Qb6+ 39. Kh1 Nf6 40. Nf4
Bxe6 41. Nxe6 Rxe6 42. Rf8+ Ng8 43. Rd1 Rd6 44. Bd5 Rxd5 $138 0-1

[Event "Lliga Catalana DH"]
[Site "?"]
[Date "2015.01.31"]
[Round "2.5"]
[White "Escobar Torres, A."]
[Black "Ramirez Garcia, JA."]
[Result "0-1"]
[WhiteElo "2261"]
[BlackElo "2344"]
[PlyCount "116"]
[EventDate "2015.??.??"]
[EventType "team"]

1. e4 e6 2. Qe2 g6 3. g3 Bg7 4. Bg2 Ne7 5. d3 c5 6. h4 Nbc6 7. Nc3 Nd4 8. Qd1
d6 9. h5 Bd7 10. Nf3 Nec6 11. hxg6 hxg6 12. Rxh8+ Bxh8 13. Ne2 Qe7 14. Nexd4
Nxd4 15. Nxd4 Bxd4 16. c3 Bg7 17. Be3 O-O-O 18. Kf1 Bc6 19. d4 Kb8 20. Kg1 cxd4
21. cxd4 d5 22. e5 Rc8 23. Bf1 Rh8 24. a3 Bxe5 25. b4 f6 26. Qd3 Qh7 27. Bg2
Bd6 28. b5 Bd7 29. a4 g5 30. Qd2 Rc8 31. Ra2 Qb1+ 32. Bf1 Rc1 33. Qxc1 Qxa2 34.
Qd1 Kc7 35. Kg2 Bb4 36. Be2 Qb2 37. Qd3 Qa3 38. Qc2+ Kd8 39. Bg4 Be7 40. Qh7
Qxa4 41. Qg8+ Kc7 42. Qf7 Qa3 43. Bxe6 Bxe6 44. Qxe6 Qd6 45. Qf7 Kd7 46. Qg8
Qe6 47. Qb8 Qb6 48. g4 Qxb5 49. Qxa7 Kc7 50. f3 Qa6 51. Qxa6 bxa6 52. Kf1 Kc6
53. Ke2 Kb5 54. Kd3 Kb4 55. f4 gxf4 56. Bxf4 Bd8 57. Bd2+ Kb3 58. Bc3 a5 0-1

[Event "Lliga Catalana DH"]
[Site "?"]
[Date "2015.01.31"]
[Round "2.6"]
[White "Avila Jimenez, X."]
[Black "Maroto Borras, JL."]
[Result "1-0"]
[WhiteElo "2308"]
[BlackElo "2205"]
[PlyCount "67"]
[EventDate "2015.??.??"]
[EventType "team"]

1. d4 e6 2. c4 b6 3. e4 Bb7 4. f3 f5 5. exf5 Nh6 6. fxe6 dxe6 7. Bd3 Nc6 8. Be3
Qh4+ 9. g3 Qf6 10. Nc3 Nf5 11. Bxf5 Qxf5 12. Qa4 O-O-O 13. g4 Qd3 14. Kf2 Nxd4
15. Rd1 Qc2+ 16. Qxc2 Nxc2 17. Rxd8+ Kxd8 18. Bg5+ Kc8 19. Nge2 Bc5+ 20. Kg3
Rf8 21. Rf1 Be3 22. h4 h6 23. Bf4 g5 24. hxg5 hxg5 25. Be5 Bc5 26. f4 Ne3 27.
Rb1 Nxc4 28. Bg7 Rg8 29. Bh6 Bd6 30. Nb5 gxf4+ 31. Bxf4 Bxf4+ 32. Nxf4 Ne5 33.
Nxe6 Rxg4+ 34. Kf2 $138 1-0

[Event "Lliga Catalana DH"]
[Site "?"]
[Date "2015.01.31"]
[Round "2.7"]
[White "Draghici Flutor, G."]
[Black "Lopez Agustench, E."]
[Result "1/2-1/2"]
[WhiteElo "2191"]
[BlackElo "2328"]
[PlyCount "102"]
[EventDate "2015.??.??"]
[EventType "team"]

1. e4 c5 2. Nf3 e6 3. d4 cxd4 4. Nxd4 a6 5. Nc3 Qc7 6. Be2 b5 7. O-O Bb7 8. Re1
Nc6 9. Nb3 Nf6 10. Bg5 Be7 11. Qd2 b4 12. Bxf6 gxf6 13. Nd5 exd5 14. exd5 Ne5
15. f4 Ng6 16. d6 Bxd6 17. Bxa6+ Kf8 18. Bxb7 Bxf4 19. Qxb4+ Bd6 20. Qe4 Rb8
21. Bd5 Bxh2+ 22. Kh1 Be5 23. c3 Kg7 24. Rad1 Rhe8 25. Qf5 d6 26. Rf1 Qa7 27.
Nd4 Rxb2 28. Qh5 Bxd4 29. Rxd4 Re5 30. Qf3 Qe7 31. Rb4 Ree2 32. Rxb2 Rxb2 33.
a4 Qe5 34. Qe4 Qxc3 35. Qe8 Qc7 36. a5 Rb4 37. Qe3 Qxa5 38. Rd1 Rb5 39. Bf3 Re5
40. Qd4 Qc5 41. Qg4 Rg5 42. Qd7 Ne5 43. Qxd6 Qf2 44. Qd5 Qh4+ 45. Kg1 Ng4 46.
Qd4 Qh2+ 47. Kf1 Ne5 48. Qf2 Rf5 49. Rd4 Nxf3 50. gxf3 Qxf2+ 51. Kxf2 Kg6
1/2-1/2

[Event "Lliga Catalana DH"]
[Site "?"]
[Date "2015.01.31"]
[Round "2.8"]
[White "Orteu Capdevila, M."]
[Black "Almirall Botella, J."]
[Result "1-0"]
[WhiteElo "2163"]
[BlackElo "2178"]
[PlyCount "103"]
[EventDate "2015.??.??"]
[EventType "team"]

1. e4 c6 2. Nc3 d5 3. Nf3 Bg4 4. h3 Bxf3 5. Qxf3 e6 6. d4 Nf6 7. Bd3 dxe4 8.
Nxe4 Nxe4 9. Qxe4 Nd7 10. c3 Nf6 11. Qf3 Be7 12. O-O O-O 13. Bf4 Qd5 14. Qe2
Rfd8 15. Rfd1 Rac8 16. c4 Qa5 17. a3 Rd7 18. Bd2 Qd8 19. Bc3 a6 20. a4 Bd6 21.
b4 Bb8 22. Qf3 Ba7 23. c5 Bb8 24. b5 axb5 25. axb5 Nd5 26. bxc6 Rxc6 27. Bb5
Qc7 28. g3 h5 29. Ba5 Qc8 30. Bxc6 bxc6 31. Qxh5 Nf6 32. Qf3 Rd5 33. Rab1 Rh5
34. Qb3 Bxg3 35. fxg3 Qd7 36. Qb8+ Kh7 37. Qd6 Qa7 38. Bd2 Qa6 39. Qf4 Qc4 40.
Kg2 Rf5 41. Qe3 Qd5+ 42. Kh2 Rf3 43. Qg1 Ne4 44. Be1 Ng5 45. Qg2 Qf5 46. Rb2
Ne4 47. Kg1 Qh5 48. Rd3 Ng5 49. Rxf3 Nxf3+ 50. Kh1 Nxd4 51. Rf2 Qe5 52. Bc3 1-0

[Event "Lliga Catalana DH"]
[Site "?"]
[Date "2015.01.31"]
[Round "2.9"]
[White "Degerhammar, T."]
[Black "Moreno Garcia, EP."]
[Result "1/2-1/2"]
[WhiteElo "2102"]
[BlackElo "2132"]
[PlyCount "33"]
[EventDate "2015.??.??"]
[EventType "team"]

1. c4 g6 2. Nc3 Bg7 3. d3 Nf6 4. g3 d6 5. Bg2 c6 6. e4 a5 7. Nge2 Nbd7 8. h3
Rb8 9. a4 e5 10. Be3 Nc5 11. O-O O-O 12. Rb1 Ne8 13. f4 Ne6 14. d4 exd4 15.
Nxd4 N8c7 16. Kh2 Qe7 17. Re1 1/2-1/2

[Event "Lliga Catalana DH"]
[Site "?"]
[Date "2015.01.31"]
[Round "2.10"]
[White "Palomares Fite, J."]
[Black "Molina Wheatley, E."]
[Result "1/2-1/2"]
[WhiteElo "2031"]
[BlackElo "1938"]
[PlyCount "113"]
[EventDate "2015.??.??"]
[EventType "team"]

1. e4 c6 2. d4 d5 3. exd5 cxd5 4. Bd3 Nc6 5. c3 Nf6 6. Bf4 Bg4 7. Qb3 Na5 8.
Qc2 e6 9. Nd2 Bd6 10. Bxd6 Qxd6 11. Ngf3 Nc6 12. O-O O-O 13. Rfe1 Ne7 14. Ne5
Bf5 15. Re3 Nd7 16. Rae1 Nxe5 17. Rxe5 Bxd3 18. Qxd3 Nf5 19. Nf1 Qb6 20. R1e2
Qa5 21. a3 Rac8 22. Ng3 Nxg3 23. Qxg3 Qb5 24. h4 Qb3 25. h5 Qd1+ 26. Kh2 Qc1
27. R2e3 Qc2 28. h6 Qg6 29. hxg7 Qxg3+ 30. Rxg3 Rfe8 31. Rh5 Rc6 32. Rgh3 Kxg7
33. Rxh7+ Kf8 34. Rf3 Re7 35. Rh8+ Kg7 36. Ra8 a6 37. Rb8 Rb6 38. b4 f5 39. Kg3
Kf6 40. Kf4 Rg7 41. Rg3 Rxg3 42. Kxg3 Rc6 43. Rxb7 Rxc3+ 44. f3 Rxa3 45. Ra7
Ra4 46. Ra8 Rxb4 47. Rxa6 Rxd4 48. Ra8 Rc4 49. Re8 d4 50. f4 Rc3+ 51. Kf2 Rc2+
52. Kf3 Rc3+ 53. Kf2 Re3 54. Rd8 e5 55. Rd6+ Ke7 56. fxe5 Rxe5 57. Rxd4 1/2-1/2

[Event "Lliga Catalana DH"]
[Site "?"]
[Date "2015.01.31"]
[Round "2.1"]
[White "Peralta, F."]
[Black "Cruz Sanchez, J."]
[Result "1/2-1/2"]
[WhiteElo "2575"]
[BlackElo "2501"]
[PlyCount "96"]
[EventDate "2015.??.??"]
[EventType "team"]

1. d4 Nf6 2. c4 e6 3. Nc3 Bb4 4. e3 O-O 5. Bd3 d5 6. Nf3 c5 7. O-O dxc4 8. Bxc4
Nbd7 9. Qe2 b6 10. Rd1 cxd4 11. exd4 Bxc3 12. bxc3 Bb7 13. Bd3 Nd5 14. Qd2 Qc7
15. c4 N5f6 16. Qe3 Rad8 17. h3 Rfe8 18. Bb2 Nh5 19. Rac1 Qf4 20. c5 Rc8 21.
cxb6 Nxb6 22. Ne5 Qh4 23. Bf1 Qe7 24. Ba3 Qf6 25. Bb5 Rxc1 26. Rxc1 Rc8 27.
Rxc8+ Nxc8 28. Be8 Nf4 29. Bxf7+ Kh8 30. f3 Qg5 31. Ng4 Qf5 32. Be8 Qb1+ 33.
Kh2 Qxa2 34. Qxf4 Qxa3 35. Ne5 Qe7 36. Bd7 Qf6 37. Qg4 Nd6 38. Bxe6 g6 39. Bb3
Nf5 40. Qf4 Kg7 41. Qc1 Qd6 42. Qc4 Qxd4 43. Qf7+ Kh6 44. Ng4+ Kg5 45. h4+ Kxh4
46. Qxh7+ Kg5 47. Qxb7 Qf4+ 48. Kg1 Qc1+ 1/2-1/2

[Event "Lliga Catalana DH"]
[Site "?"]
[Date "2015.01.31"]
[Round "2.2"]
[White "Cruz Estrada, F."]
[Black "Fluvia Poyatos, Joan"]
[Result "1-0"]
[WhiteElo "2463"]
[BlackElo "2551"]
[PlyCount "79"]
[EventDate "2015.??.??"]
[EventType "team"]

1. c4 Nf6 2. Nc3 e5 3. e3 Nc6 4. d3 Bc5 5. Nf3 d6 6. Be2 O-O 7. O-O a6 8. a3 h6
9. b4 Ba7 10. Bb2 Re8 11. Rc1 Bf5 12. Nd2 Ne7 13. Nde4 Nh7 14. Ng3 Be6 15. b5
axb5 16. Nxb5 Bb6 17. d4 exd4 18. Nxd4 Bd7 19. Nh5 f6 20. Bd3 Ra5 21. Nf4 Nf8
22. Nb3 Ba4 23. Bc2 Bxb3 24. Bxb3 Kh8 25. Qd3 Qd7 26. Rfd1 Qg4 27. Bc2 Nf5 28.
h3 Qg5 29. Nd5 Nh4 30. Qf1 Ba7 31. Nxc7 Rxe3 32. fxe3 Bxe3+ 33. Kh1 Qg3 34. Bd4
Bf4 35. Bg1 Rxa3 36. Ra1 Rc3 37. Rd3 Rxd3 38. Bxd3 Nxg2 39. Qxg2 Qxd3 40. Ra8
1-0

[Event "Lliga Catalana DH"]
[Site "?"]
[Date "2015.01.31"]
[Round "2.3"]
[White "Panelo Muñoz, MA."]
[Black "Gonzalez Garcia, M."]
[Result "1-0"]
[WhiteElo "2457"]
[BlackElo "2331"]
[PlyCount "81"]
[EventDate "2015.??.??"]
[EventType "team"]

1. d4 Nf6 2. c4 e6 3. Nf3 d5 4. Nc3 Be7 5. Bg5 O-O 6. Qc2 Na6 7. cxd5 exd5 8.
e3 Nb4 9. Qb3 Bf5 10. Rc1 a5 11. Bxf6 Bxf6 12. a3 Nd3+ 13. Bxd3 Bxd3 14. Nxd5
Ba6 15. Nxf6+ Qxf6 16. Rxc7 a4 17. Qc2 b6 18. Kd2 Rac8 19. Rc1 Rxc7 20. Qxc7
Qf5 21. Qc2 Qg4 22. Qxa4 Bb7 23. Ne1 Bxg2 24. Qd1 Qg6 25. Nd3 Be4 26. Nf4 Qf5
27. h4 h6 28. Qh5 Qf6 29. Qe5 Qxe5 30. dxe5 Re8 31. Nd3 Rd8 32. Rc3 g5 33. hxg5
h5 34. Ke2 h4 35. Nf4 Bf5 36. Rc6 h3 37. Rh6 Rc8 38. Kf3 Rc2 39. b4 Ra2 40.
Nxh3 Rxa3 41. Nf4 1-0

[Event "Lliga Catalana DH"]
[Site "?"]
[Date "2015.01.31"]
[Round "2.4"]
[White "Boix Moreno, D."]
[Black "Jose Abril, R."]
[Result "1-0"]
[WhiteElo "2320"]
[BlackElo "2400"]
[PlyCount "59"]
[EventDate "2015.??.??"]
[EventType "team"]

1. e4 c5 2. Nc3 e6 3. f4 a6 4. g3 d5 5. d3 Nf6 6. e5 Nfd7 7. Nf3 Nc6 8. Bg2 Be7
9. O-O b5 10. Ne2 Qb6 11. Be3 Bb7 12. c3 b4 13. Qc2 a5 14. c4 d4 15. Bf2 O-O
16. Nd2 f5 17. exf6 Nxf6 18. Rae1 Kh8 19. h3 Rae8 20. Nc1 e5 21. fxe5 Nd7 22.
Ne4 Ncxe5 23. Nb3 Rf3 24. g4 Rxd3 25. Nexc5 Rxh3 26. Nxb7 Qc7 27. Bxd4 Rg3 28.
Qe4 Nxg4 29. Rf7 Rxb3 30. Qxg4 1-0

[Event "Lliga Catalana DH"]
[Site "?"]
[Date "2015.01.31"]
[Round "2.5"]
[White "Oms Fuentes, L."]
[Black "Leiro Giralt, D."]
[Result "1-0"]
[WhiteElo "2378"]
[BlackElo "2304"]
[PlyCount "101"]
[EventDate "2015.??.??"]
[EventType "team"]

1. e4 e5 2. Nc3 Nf6 3. g3 d5 4. exd5 Nxd5 5. Bg2 Nxc3 6. bxc3 Bd6 7. Ne2 O-O 8.
O-O c6 9. h3 Nd7 10. d3 Re8 11. Be3 Nf6 12. c4 Qe7 13. Rb1 Bc5 14. Qd2 Bxe3 15.
fxe3 Qc7 16. e4 Nd7 17. Rf2 Nc5 18. Rbf1 Be6 19. g4 Rad8 20. Ng3 Nd7 21. h4 Nf8
22. h5 Qe7 23. g5 Bc8 24. h6 g6 25. Qe3 Be6 26. Kh2 Nd7 27. Bh3 Bxh3 28. Kxh3
Rf8 29. Kg2 Nc5 30. Ne2 Ne6 31. Rf6 Rd7 32. Qg3 Nd4 33. Nxd4 Rxd4 34. R1f2 Rd6
35. Qe3 Rxf6 36. Rxf6 Qd7 37. Kg3 a6 38. Qc5 Re8 39. Qd6 Qxd6 40. Rxd6 Kf8 41.
c5 Ke7 42. c3 Rd8 43. Rxd8 Kxd8 44. d4 exd4 45. cxd4 Kc7 46. Kf4 Kd7 47. Ke5
Ke7 48. d5 Kd7 49. Kf6 b5 50. Kxf7 cxd5 51. e5 1-0

[Event "Lliga Catalana DH"]
[Site "?"]
[Date "2015.01.31"]
[Round "2.6"]
[White "Gallart Zafra, J."]
[Black "Raineri de Luca, P."]
[Result "1-0"]
[WhiteElo "2299"]
[BlackElo "2374"]
[PlyCount "62"]
[EventDate "2015.??.??"]
[EventType "team"]

1. e4 c6 2. d4 d5 3. Nc3 dxe4 4. Nxe4 Bf5 5. Ng3 Bg6 6. Nf3 Nd7 7. h4 h6 8. h5
Bh7 9. Bd3 Bxd3 10. Qxd3 e6 11. Bd2 Ngf6 12. O-O-O Be7 13. Kb1 O-O 14. Qe2 Qb6
15. Ne5 Rfe8 16. Rhe1 Nxe5 17. dxe5 Nd5 18. Ne4 Ba3 19. Bc1 Bb4 20. Qg4 Kh8 21.
Re2 Rad8 22. Rd3 Nc3+ 23. Rxc3 Bxc3 24. Nxc3 Qd4 25. Qf3 Re7 26. g4 Rf8 27. g5
hxg5 28. Bxg5 Ree8 29. h6 f5 30. hxg7+ Kxg7 31. Qh5 Rf7 1-0

[Event "Lliga Catalana DH"]
[Site "?"]
[Date "2015.01.31"]
[Round "2.8"]
[White "Clopes Llahi, J."]
[Black "Gutierrez Clares, J."]
[Result "1/2-1/2"]
[WhiteElo "2253"]
[BlackElo "2328"]
[PlyCount "184"]
[EventDate "2015.??.??"]
[EventType "team"]

1. e4 c5 2. Nf3 e6 3. g3 b6 4. Bg2 Bb7 5. d3 d6 6. O-O Nd7 7. c3 Ngf6 8. Qe2
Qc7 9. Nbd2 Be7 10. b3 h6 11. Bb2 O-O 12. Rac1 a5 13. a4 Bc6 14. c4 Rfe8 15. d4
cxd4 16. Nxd4 e5 17. Nxc6 Qxc6 18. Rfe1 Nc5 19. Rcd1 Rad8 20. Qf3 Nh7 21. Nb1
Ng5 22. Qe3 Nge6 23. Na3 Bg5 24. Qf3 Nc7 25. h4 Be7 26. Qe3 Bf6 27. Re2 N5e6
28. Nc2 Na6 29. Red2 Nac5 30. Rd5 Nc7 31. R5d2 N7e6 32. Rd5 Bxh4 33. gxh4 Nf4
34. Bxe5 Nxd5 35. cxd5 Qc7 36. Bd4 f5 37. f3 Qe7 38. Qf4 fxe4 39. fxe4 Nxb3 40.
Bxb6 Rc8 41. Ne3 Qb7 42. Qxd6 Rb8 43. Bd4 Nxd4 44. Rxd4 Qa7 45. Rd3 Rb1+ 46.
Kh2 Rb2 47. Kh3 Rd2 48. Qa3 Rxd3 49. Qxd3 Qd7+ 50. Kh2 Qd6+ 51. Kg1 Qg6 52. Qd2
Rxe4 53. Nf1 Qg4 54. d6 Rd4 55. Qxa5 Rxd6 56. Qa8+ Kh7 57. Qe4+ Qxe4 58. Bxe4+
Kh8 59. h5 Rd4 60. Bc2 Rc4 61. Bd1 g6 62. hxg6 Kg7 63. Ne3 Rc1 64. Kf2 Kxg6 65.
Be2 Kg5 66. a5 Ra1 67. a6 Kf4 68. Nc2 Ra4 69. Ne1 Ke4 70. Nd3 Kd4 71. Nb2 Ra2
72. Nc4 Rxa6 73. Nd2 Rf6+ 74. Nf3+ Ke4 75. Kg2 Ke3 76. Bd1 Rg6+ 77. Kf1 Rd6 78.
Be2 h5 79. Ng1 h4 80. Kg2 Rg6+ 81. Kh2 Rb6 82. Bc4 Rb2+ 83. Kh3 Rb8 84. Bd5 Rb5
85. Bc6 Rc5 86. Bb7 Rc7 87. Bd5 Rd7 88. Bc6 Rd1 89. Nf3 Kf4 90. Nxh4 Rd3+ 91.
Bf3 Rxf3+ 92. Nxf3 Kxf3 1/2-1/2

[Event "Lliga Catalana DH"]
[Site "?"]
[Date "2015.01.31"]
[Round "2.9"]
[White "Fernandez Madrid, C."]
[Black "Marques Taltavull, A."]
[Result "1-0"]
[WhiteElo "2270"]
[BlackElo "2233"]
[PlyCount "107"]
[EventDate "2015.??.??"]
[EventType "team"]

1. c4 e6 2. Nf3 b6 3. g3 Bb7 4. Bg2 Nf6 5. O-O d5 6. cxd5 exd5 7. d4 Be7 8. Nc3
O-O 9. Bf4 Na6 10. Rc1 c5 11. Nb5 Ne4 12. Nd2 g5 13. Be3 f5 14. Nxe4 dxe4 15.
dxc5 Nxc5 16. b4 Ne6 17. Qxd8 Raxd8 18. Nxa7 Bxb4 19. Nc6 Bxc6 20. Rxc6 Rd6 21.
Rxd6 Bxd6 22. Bxb6 Rb8 23. Ba7 Ra8 24. Rd1 Rxa7 25. Rxd6 Kf7 26. Rd2 Kf6 27. e3
g4 28. h4 gxh3 29. Bxh3 Ng5 30. Bg2 Nf7 31. Rb2 Ne5 32. Bf1 Nf3+ 33. Kg2 Ne1+
34. Kh1 Nd3 35. Bxd3 exd3 36. Rd2 Ra3 37. Kg2 Ke5 38. Kf3 Kd5 39. e4+ Kd4 40.
exf5 Ra5 41. g4 Kc3 42. Rd1 h5 43. gxh5 Rxf5+ 44. Ke4 Rxf2 45. Rxd3+ Kc4 46.
Rh3 Re2+ 47. Kf4 Kd4 48. h6 Rf2+ 49. Kg5 Rg2+ 50. Kf6 Rf2+ 51. Ke7 Re2+ 52. Kd7
Rxa2 53. h7 Ra7+ 54. Kc6 1-0

[Event "Lliga Catalana DH"]
[Site "?"]
[Date "2015.01.31"]
[Round "2.10"]
[White "Martinez Pla, X."]
[Black "Gardela Batlle, J."]
[Result "1/2-1/2"]
[WhiteElo "2152"]
[BlackElo "2250"]
[PlyCount "68"]
[EventDate "2015.??.??"]
[EventType "team"]

1. e4 c5 2. Nf3 e6 3. b3 d6 4. Bb2 Nf6 5. Bb5+ Bd7 6. Bxd7+ Nbxd7 7. Qe2 Be7 8.
O-O O-O 9. c4 a6 10. d4 Rb8 11. Nc3 Qa5 12. e5 Ne8 13. d5 Nxe5 14. Nxe5 dxe5
15. dxe6 fxe6 16. Qxe5 Nc7 17. b4 Bf6 18. Qxf6 Qxb4 19. Qe5 Qxb2 20. Rab1 Qd2
21. Na4 Qa5 22. Nb6 Rf7 23. Rfd1 Rbf8 24. f4 Re7 25. Nd7 Rff7 26. Qxc5 Qxc5+
27. Nxc5 b5 28. cxb5 axb5 29. Rd8+ Rf8 30. Rxf8+ Kxf8 31. Ne4 Rd7 32. Nc3 Rd2
33. Nxb5 Nxb5 34. Rxb5 Rxa2 1/2-1/2

[Event "Lliga Catalana DH"]
[Site "?"]
[Date "2015.01.31"]
[Round "2.1"]
[White "Movsziszian, K."]
[Black "Muñoz Pantoja, MA."]
[Result "1/2-1/2"]
[WhiteElo "2513"]
[BlackElo "2475"]
[PlyCount "103"]
[EventDate "2015.??.??"]
[EventType "team"]

1. g3 d5 2. Bg2 e5 3. d3 f5 4. c4 dxc4 5. Qa4+ c6 6. Qxc4 Nf6 7. Nf3 Bd6 8. O-O
Qe7 9. a3 Be6 10. Qc2 O-O 11. Nbd2 Nbd7 12. Ng5 Nb6 13. Nxe6 Qxe6 14. Nb3 Rf7
15. Bd2 Raf8 16. Nc5 Bxc5 17. Qxc5 e4 18. Qa5 Ra8 19. Rad1 Nbd5 20. Bc3 exd3
21. exd3 f4 22. Rfe1 Qg4 23. Bxf6 Nxf6 24. Rd2 a6 25. h3 Qg6 26. Kh2 Raf8 27.
d4 fxg3+ 28. fxg3 Qh6 29. Qc3 Nd5 30. Bxd5 cxd5 31. Rg2 Rf2 32. Qe3 Qxe3 33.
Rxe3 R8f3 34. Rxf3 Rxf3 35. Rc2 Rb3 36. h4 Kf7 37. g4 h6 38. Kg2 Kg6 39. Re2 h5
40. Re6+ Kf7 41. Re5 hxg4 42. Rxd5 g6 43. a4 Kf6 44. a5 Rxb2+ 45. Kg3 Rb5 46.
Rd7 Kf5 47. Rf7+ Ke6 48. Rg7 Kf6 49. Rd7 Rxa5 50. Rxb7 Rd5 51. Rb6+ Kf5 52.
Rxa6 1/2-1/2

[Event "Lliga Catalana DH"]
[Site "?"]
[Date "2015.01.31"]
[Round "2.2"]
[White "Pablo Mari, A."]
[Black "Gonzalez Perez, A."]
[Result "0-1"]
[WhiteElo "2442"]
[BlackElo "2529"]
[PlyCount "72"]
[EventDate "2015.??.??"]
[EventType "team"]

1. e4 c5 2. Nf3 d6 3. d4 cxd4 4. Nxd4 Nf6 5. Nc3 g6 6. Be3 Bg7 7. f3 O-O 8. Qd2
Nc6 9. Bc4 Bd7 10. O-O-O Rc8 11. Bb3 Ne5 12. Kb1 Nc4 13. Bxc4 Rxc4 14. g4 b5
15. b3 b4 16. bxc4 bxc3 17. Qxc3 Qc7 18. Bc1 Rc8 19. Bb2 Be6 20. Nb3 Qb7 21.
Rd5 Bd7 22. Ra5 Be6 23. Qe3 a6 24. c5 Qc7 25. Qd2 Nd7 26. Bxg7 Kxg7 27. cxd6
exd6 28. Rxa6 Ne5 29. f4 Nf3 30. Qc1 Bxg4 31. Rd1 Qc4 32. Raxd6 Qxe4 33. Rd8
Rc7 34. R1d3 Bf5 35. Qe3 Qc4 36. c3 Qxc3 0-1

[Event "Lliga Catalana DH"]
[Site "?"]
[Date "2015.01.31"]
[Round "2.3"]
[White "Akbarinia, SA."]
[Black "Pomes Marcet, J."]
[Result "1-0"]
[WhiteElo "2366"]
[BlackElo "2397"]
[PlyCount "71"]
[EventDate "2015.??.??"]
[EventType "team"]

1. d4 d5 2. Nf3 Nf6 3. c4 c6 4. e3 Bf5 5. Nc3 e6 6. Qb3 Qb6 7. Nh4 Bg6 8. Nxg6
hxg6 9. g3 Nbd7 10. Bg2 Bb4 11. O-O Bxc3 12. bxc3 Ne4 13. f3 Nef6 14. Ba3 Qc7
15. cxd5 exd5 16. c4 dxc4 17. Qxc4 Nb6 18. Qb4 O-O-O 19. e4 Rh5 20. d5 Rdh8 21.
dxc6 bxc6 22. Rac1 Kb7 23. Rfd1 Rd8 24. Rxd8 Qxd8 25. Bf1 Qd7 26. Bb2 Ne8 27.
g4 Rh8 28. a4 c5 29. Qxc5 Nxa4 30. Qb4+ Nb6 31. Be5 Qe6 32. Qb5 f6 33. Qa6+ Ka8
34. Ra1 Qe7 35. Qxb6 fxe5 36. Bb5 1-0

[Event "Lliga Catalana DH"]
[Site "?"]
[Date "2015.01.31"]
[Round "2.4"]
[White "Ubach Miralda, M."]
[Black "Dominguez Pons, E."]
[Result "1-0"]
[WhiteElo "2391"]
[BlackElo "2402"]
[PlyCount "79"]
[EventDate "2015.??.??"]
[EventType "team"]

1. e4 d5 2. exd5 Qxd5 3. Nc3 Qd6 4. d4 Nf6 5. Nf3 a6 6. h3 g6 7. Ne5 Nc6 8. Bf4
Nh5 9. Bh2 Bg7 10. Nxf7 Qe6+ 11. Ne5 Nxe5 12. dxe5 Bxe5 13. Bxe5 Qxe5+ 14. Qe2
Qxe2+ 15. Bxe2 Nf6 16. O-O-O Bd7 17. Bf3 O-O-O 18. Rhe1 e6 19. Re5 Rhe8 20. Ne2
c6 21. Re1 Re7 22. Nf4 Rde8 23. c4 Kd8 24. Kc2 Ng8 25. Bg4 Rf8 26. Nd3 Rf6 27.
f4 h5 28. Bf3 Nh6 29. g4 Nf7 30. R5e3 hxg4 31. hxg4 g5 32. f5 Re8 33. Nc5 exf5
34. Nxb7+ Kc7 35. Rxe8 Bxe8 36. Re7+ Bd7 37. gxf5 Kc8 38. Rxf7 Bxf5+ 39. Kc3
Rxf7 40. Nd6+ 1-0